| 000 | 01099nas a2200313 4500 | ||
|---|---|---|---|
| 001 | BR9704248 | ||
| 003 | BR-BrBNA | ||
| 005 | 20231205100504.0 | ||
| 007 | ta | ||
| 008 | 230509b bl.|||p| |||| 00| 00por d | ||
| 040 |
_aBR-BrBNA _bpor _cBiblioteca Nacional de Agricultura |
||
| 041 | _a(Pt) | ||
| 072 | _aL51; Q54 | ||
| 100 | 1 | _aStarling, J.M.C. | |
| 100 | 1 | _aRodriguez, N.M. | |
| 100 | 1 | _aMourao, G.B. | |
| 245 | 1 | _aAvaliacao da semente de maracuja (Passiflora edulis)em ensaio de digestibilidade aparente em ovinos; 1: consumo de materia seca e coeficientes de digestibilidade da materia seca, fibra detergente neutro, fibra detergente acido, hemicelulose e celulose | |
| 650 | _aOvino | ||
| 650 | _aDigestibilidade Aparente | ||
| 650 | _aRacao | ||
| 650 | _aValor Nutritivo | ||
| 650 | _aMateria Seca | ||
| 650 | _aMaracuja | ||
| 650 | _aSemente | ||
| 650 | _aDieta | ||
| 773 | 0 |
_tArquivo Brasileiro de Medicina Veterinaria e Zootecnia (Brazil) _xISSN 0102-0935 _g(Feb 1997), v. 49(1) p. 63-74 _wBR9704248 |
|
| 909 |
_a202311 _bLúcia _c55 _dLúcia Elande |
||
| 942 |
_2AGRIS _n0 _cANA |
||
| 999 |
_c156322 _d156322 |
||